Nic není nastálo

Hlavní autor: Koller, David, 1960-
Jazyk: Čeština
Vydáno: Praha : Universal Music, p2006
Témata:
Fyzický popis: 1 zvuková deska (45:40) : digital ; 12 cm + 1 brožura
Zvukové nahrávky
Uloženo v:
LEADER 01567njm a2200409 a 4500
001 000845058
003 CZ BrMZK
005 20070423101109.0
007 sd fsngnnmmned
008 070319s2006 xr pp g d cze d
028 0 1 |a 171 228-4  |b Universal Music 
040 |a BOA001  |b cze 
040 |a ABA001  |b cze 
045 |a y0y0 
072 7 |a 784  |x Vokální hudba  |2 Konspekt  |9 9 
080 |a 78.036  |2 MRF 
080 |a 784.4  |2 MRF 
080 |a (086.76)  |2 MRF 
100 1 |a Koller, David,  |d 1960-  |7 xx0014755  |4 sng  |4 cmp  |4 pro  |4 lyr 
245 1 0 |a Nic není nastálo  |h [zvukový záznam] /  |c David Koller 
260 |a Praha :  |b Universal Music,  |c p2006 
300 |a 1 zvuková deska (45:40) :  |b digital ;  |c 12 cm +  |e 1 brožura 
306 |a 004540 
500 |a Většina hudby a některé texty David Koller 
500 |a Kompaktní deska 
500 |a Texty písní v brožuře 
505 0 0 |t Pěkné svátky --  |t Nic není nastálo --  |t Dnes mě upálíš --  |t Záchranář --  |t Ano --  |t Jižní kříž --  |t Až ti řeknu --  |t Žádný city --  |t Dýchám --  |t Lajka z I.P. Pavlova --  |t Klub lhářů --  |t Čas nejde vzít zpátky 
511 0 |a David Koller, zpěv 
518 |a Nahráno r. 2006 ve studiu Cox a studiu Soundsquare 
650 0 7 |a rock  |7 ph125174  |2 czenas 
650 0 7 |a populární písně  |7 ph124354  |y 2001-2010  |2 czenas 
655 7 |a kompaktní desky  |7 fd201991  |2 czenas 
910 |a BOA001  |b CD-0013.700 
990 |a AV 
995 |a 01 
991 |b 200704 
996 6 |b 261H015122  |c CD-0013.700  |l MZK  |r Sklad / do 24 hodin  |n 0  |w 000845058  |u 000010  |a 1  |e BOA001  |j MZK50  |s P